LEADER 01211aam a2200265 a 4500 001 991000549299707536 008 080415s2007 be ab 100 e fre d 020 $a9782503520247 035 $ab13874159-39ule_inst 040 $aDip.to Studi Storici$bita 082 04$a307.76 245 00$aVoisinages, coexistences, appropriations :$bgroupes sociaux et territoires urbains (Moyen Âge-16 siècle) /$csous la direction de Chloé Deligne et Claire Billen 260 $aTurnhout :$bBrepols,$c[2007] 300 $a297 :$bill. ;$c25 cm. 440 0$aStudies in european urban history ;$v10 500 $aRelazioni presentate al Convegno tenuto a Bruxelles nel 2004. 650 04$aCittà$xCondizioni economiche e sociali$zEuropa occidentale$ySec. 11.-16. 700 1 $aDeligne, Chloé$eauthor$4http://id.loc.gov/vocabulary/relators/aut$0731278 700 1 $aBillen, Claire 907 $a.b13874159$b02-04-14$c25-01-10 912 $a991000549299707536 945 $aLE023 307.76 VOI 1 1 $g1$i2023000116937$lle023$o-$pE87.70$q-$rl$s- $t0$u0$v0$w0$x0$y.i1506346x$z25-01-10 996 $aVoisinages, coexistences, appropriations$91440604 997 $aUNISALENTO 998 $ale023$b25-01-10$cm$da $e-$ffre$gbe $h0$i0 LEADER 01260nam a2200253 i 4500 001 991000242229707536 005 20230322103044.0 008 980319s1965 it ||| | ita 035 $ab11330405-39ule_inst 035 $aPARLA204623$9ExL 040 $aDip.to Filosofia$bita 100 1 $aBertolini, Piero$0120318 245 13$aLa scuola elementare e il disadattamento sociale minorile :$bpresentazione di una ricerca socio-pedagogica su campo /$cPiero Bertolini, Graziano Cavallini 260 $aVarese :$bIstituto editoriale Cisalpino,$c1965 300 $a239 p. ;$c20 cm. 490 0 $aUniversità Commerciale "L. Bocconi" - Lingue e Letteratura straniere 700 1 $aCavallini, Graziano$eauthor$4http://id.loc.gov/vocabulary/relators/aut$0161117 907 $a.b11330405$b01-03-17$c01-07-02 912 $a991000242229707536 945 $aLE005 FONDO SEMERARO 135$g1$i2005000013133$lle005$o-$pE0.00$q-$rl$s-$t0$u0$v0$w0$x0$y.i11503464$z01-07-02 945 $aLE023$g1$i2023000147627$lle023$nFondo Angelo Semeraro DR n. 414 del 6/6/2016$og$pE10.00$q-$rn$so$t0$u0$v0$w0$x0$y.i15794751$z31-01-17 996 $aScuola elementare e il disadattamento sociale minorile$91346364 997 $aUNISALENTO 998 $ale005$ale023$b01-01-98$cm$da$e-$fita$git$h3$i1